000 00326 a2200157 4500
001 190275
020 _a85-259-0386-6
040 _cMagnum
100 _aMálus
240 1 0 _aO mico e o tico-tico
_lpor
245 1 0 _aO mico e o tico-tico
300 _a12
362 0 _a1993
697 _aLITERATURA INFANTIL
942 _cBK
999 _c190275
_d190275